<?xml version="1.0" encoding="UTF-8"?>
<record
    xmlns:xsi="http://www.w3.org/2001/XMLSchema-instance"
    xsi:schemaLocation="http://www.loc.gov/MARC21/slim http://www.loc.gov/standards/marcxml/schema/MARC21slim.xsd"
    xmlns="http://www.loc.gov/MARC21/slim">

  <leader>00645nam a2200205   4500</leader>
  <controlfield tag="001">1868</controlfield>
  <controlfield tag="005">20181127164126.0</controlfield>
  <datafield tag="010" ind1="0" ind2="0">
    <subfield code="a"></subfield>
  </datafield>
  <datafield tag="020" ind1="0" ind2="0">
    <subfield code="a">0884872688</subfield>
  </datafield>
  <datafield tag="090" ind1="0" ind2="0">
    <subfield code="a">387.7 J549f 2000</subfield>
  </datafield>
  <datafield tag="100" ind1="0" ind2="0">
    <subfield code="a"></subfield>
  </datafield>
  <datafield tag="245" ind1="0" ind2="0">
    <subfield code="a">FAR/AIM 2000 :</subfield>
    <subfield code="b">Federal aviation regulations / Aeronautical information manual.</subfield>
    <subfield code="c"></subfield>
    <subfield code="h"></subfield>
  </datafield>
  <datafield tag="250" ind1="0" ind2="0">
    <subfield code="a"></subfield>
  </datafield>
  <datafield tag="260" ind1="0" ind2="0">
    <subfield code="a">Englewood, CO :</subfield>
    <subfield code="b">Jeppesen Sanderson, Inc., </subfield>
    <subfield code="c">1999.</subfield>
  </datafield>
  <datafield tag="300" ind1="0" ind2="0">
    <subfield code="a">v. : ill.</subfield>
  </datafield>
  <datafield tag="500" ind1="0" ind2="0">
    <subfield code="a">"Jeppesen Sanderson Training Products"</subfield>
  </datafield>
  <datafield tag="650" ind1="0" ind2="0">
    <subfield code="a">Aeronautics --Law and legislation --United States.</subfield>
    <subfield code="x"></subfield>
  </datafield>
  <datafield tag="650" ind1="0" ind2="0">
    <subfield code="a">Air-pilot guides --United States.</subfield>
    <subfield code="x"></subfield>
  </datafield>
  <datafield tag="650" ind1="0" ind2="0">
    <subfield code="a">Airplanes --Piloting --Handbooks, manuals, etc.</subfield>
    <subfield code="x"></subfield>
  </datafield>
  <datafield tag="999" ind1=" " ind2=" ">
    <subfield code="c">1430</subfield>
    <subfield code="d">1430</subfield>
  </datafield>
  <datafield tag="952" ind1=" " ind2=" ">
    <subfield code="0">0</subfield>
    <subfield code="1">0</subfield>
    <subfield code="2">ddc</subfield>
    <subfield code="4">0</subfield>
    <subfield code="7">0</subfield>
    <subfield code="8">MAIN</subfield>
    <subfield code="a">RTCLIB</subfield>
    <subfield code="b">RTCLIB</subfield>
    <subfield code="c">MAIN</subfield>
    <subfield code="h"> </subfield>
    <subfield code="i">923</subfield>
    <subfield code="l">0</subfield>
    <subfield code="o">387.7 JEP</subfield>
    <subfield code="p">30003629</subfield>
    <subfield code="r">2018-11-27 00:00:00</subfield>
    <subfield code="w">2018-11-27</subfield>
    <subfield code="y">MAIN</subfield>
  </datafield>
</record>
